000
00288nam a2200109Ia 4500
008
190914s9999||||xx |||||||||||||| ||und||
100
_a
Haddon,Malcolm
245
0
_a
Modelling and Quantitative Methods in Fisheries
260
_a
New Delhi
_b
Prentice Hall
_c
2003
300
_a
411
942
_c
BK
999
_c
8821
_d
8821